• 首页
  • 本馆介绍
  • 公告通知
  • 最新文献
  • 馆藏检索
  • 电子资源
  • 读者导购
  • 参考咨询
  • 我的图书馆
  • 登录
  • 详细信息显示
  • 放入我的书架
  • 预约/预借图书
  • 作者相关作品
  • 分类相关作品
  • 丛书相关作品
  • 出版社相关作品

书目信息

  • 表格格式
  • 工作单格式
  • 卡片格式
题名:
LYCOMING COUNTYS INDUSTRIAL HERITAGE
    
 
作者:
分册:  
出版信息:    
页数: 127页
开本: 24cm
丛书名:
单 册:
中图分类: TU27
科图分类:
主题词: 工业建筑--建筑设计
电子资源:
ISBN: 978-0-7385-3789-4
000 00449nam0 2200157 450
001 202411141164872586
005 20241115081928.27
010    @a978-0-7385-3789-4@d¥21.99
100    @a20241114d km y0chiy0120 ea
101 0  @achi
200 1  @aLYCOMING COUNTYS INDUSTRIAL HERITAGE
215    @a127页@d24cm
606 0  @a工业建筑@x建筑设计
690    @aTU27@v4
801  0 @aCN@b大连网信软件有限公司图书馆·11@c20241115
905    @aZUCC@b1427096@dTU27@e2239@f1
    
    LYCOMING COUNTYS INDUSTRIAL HERITAGE
    127页;24cm
    
    
    ISBN 978-0-7385-3789-4:¥21.99
    
●
相关链接 在E读中查询图书 在五车中查询图书 在当当中查询图书 在豆瓣中查询图书


正题名:LYCOMING COUNTYS INDUSTRIAL HERITAGE     索取号:TU27/2239         预约/预借

序号 登录号 条形码 馆藏地/架位号 状态 备注
1 1427096   214270965   密集书库-资源管理系/ [索取号:TU27/2239] 在馆    
唐山师范学院图书馆 欢迎您!
大连网信软件有限公司© 版权所有